| 000 | 00744nam a2200229 i 4500 | ||
|---|---|---|---|
| 003 | DO-SdBNP | ||
| 005 | 20231110103707.0 | ||
| 006 | a||||gr|||| 00| 0 | ||
| 007 | ta | ||
| 008 | 231110e1985 dr a|||| |||| 00| 0 spa d | ||
| 040 |
_aDO-SdBNP _bspa _cBNPHU _erda |
||
| 082 | 4 |
_222 _bK88c |
|
| 100 | 1 |
_aKozel, Carlos _922163 _eautor |
|
| 245 | 1 | 0 |
_aCurese usted mismo: _bun nuevo tratamiento que cura muchos malestares y enfermedades. / _cCarlos Kozel |
| 264 | 1 |
_aSanto Domingo : _bMisión "La Verdad Presente, _c1985 |
|
| 300 |
_a306 páginas : _bIlustraciones ; _c20 cm. |
||
| 336 |
_2rdacontent _atexto _btxt |
||
| 337 |
_2rdamedia _asin mediación _bn |
||
| 338 |
_2rdacarrier _avolumen _bnc |
||
| 590 | _aInventariado 2023 / MF | ||
| 942 |
_2ddc _cLBS1 |
||
| 999 |
_c55453 _d55453 |
||